Vývoj v oblasti hypotekárneho bankovníctva na Slovensku v roku 1999

Súčasnosť hypotekárneho bankovníctva na Slovensku. Významné medzníky rozvoja slovenského hypotekárneho bankovníctva v roku 1999. Priama a nepriama štátna podpora hypotekárneho úverovania. Zvýšený záujem občanov o tieto typy úverov. Objem poskytnutých hypotekárnych úverov v rokoch 1998 a 1999.

Uložené v:
Podrobná bibliografia
Hlavný autor: Móricová, Eva
Médium: Kapitola
Jazyk:Slovak
Predmet:
Tagy: Pridať tag
Žiadne tagy, Buďte prvý, kto otaguje tento záznam!

MARC

LEADER 00000naa a2200000 4500
001 r037989
005 20230824105204.2
041 0 |a slo 
044 |a SK 
245 1 0 |a Vývoj v oblasti hypotekárneho bankovníctva na Slovensku v roku 1999  |c Eva Móricová 
520 |a Súčasnosť hypotekárneho bankovníctva na Slovensku. Významné medzníky rozvoja slovenského hypotekárneho bankovníctva v roku 1999. Priama a nepriama štátna podpora hypotekárneho úverovania. Zvýšený záujem občanov o tieto typy úverov. Objem poskytnutých hypotekárnych úverov v rokoch 1998 a 1999. 
610 2 0 |a bankovníctvo hypotekárne 
610 2 0 |a úver hypotekárny 
610 2 0 |a banky 
610 2 0 |a Slovensko 
610 2 0 |a legislatíva 
610 2 0 |a štát 
610 2 0 |a trh hypotekárny 
100 1 |a Móricová, Eva